| 000 | 00753nam a2200229 a 4500 | ||
|---|---|---|---|
| 005 | 20221119063437.0 | ||
| 008 | 010615s1998 es r 000 0 spa d | ||
| 020 | _a842065728X | ||
| 035 | _aUPN01000108386 | ||
| 049 | _aCG | ||
| 050 | 4 |
_aRJ506 A9 _bB3.38 |
|
| 100 | 1 |
_aBaron-Cohen, Simon, _d1958- _934271 |
|
| 245 | 1 | 0 |
_aAutismo : _buna guía para padres / _cSimón Baron-Cohen, Patrick Bolton ; tr. Jesús Martín Cordero. |
| 260 |
_aMadrid, Esp. : _bAlianza, _c1998. |
||
| 300 | _a150 p. | ||
| 440 | 0 |
_aPsicología y educación. _pMateriales ; _v8. _pEl libro universitario |
|
| 534 |
_pTítulo original: _tAutism : the facts |
||
| 650 | 2 |
_aAutismo _9362 |
|
| 650 | 4 |
_aNIÑOS AUTISTAS _911936 |
|
| 700 | 1 |
_aBolton, Patrick, _ecoaut. |
|
| 905 | _aLibro | ||
| 999 |
_c82298 _d82298 |
||